000 00448pab a2200169 454500
008 180718b2008 xxu||||| |||| 00| 0 eng d
100 _aSkrentny, John D.
245 _aCulture and race/ethnicity: bolder, deeper, and broader
260 _c2008
300 _ap.59-77.
362 _aSep
650 _aEthnicity
650 _aCulture
773 _aAnnals of the American Academy of Political and Social Science
908 _aN
909 _a79818
999 _c79818
_d79818